<?xml version="1.0" encoding="UTF-8"?>
<record
    xmlns:xsi="http://www.w3.org/2001/XMLSchema-instance"
    xsi:schemaLocation="http://www.loc.gov/MARC21/slim http://www.loc.gov/standards/marcxml/schema/MARC21slim.xsd"
    xmlns="http://www.loc.gov/MARC21/slim">

  <leader>01366nam a22002537a 4500</leader>
  <datafield tag="999" ind1=" " ind2=" ">
    <subfield code="c">92307</subfield>
    <subfield code="d">92307</subfield>
  </datafield>
  <controlfield tag="003">NALT</controlfield>
  <controlfield tag="005">20250617140832.0</controlfield>
  <controlfield tag="008">170509b        th ||||| |||| 00| 0 tha d</controlfield>
  <datafield tag="020" ind1=" " ind2=" ">
    <subfield code="a">9786167242668</subfield>
  </datafield>
  <datafield tag="040" ind1=" " ind2=" ">
    <subfield code="a">NALT</subfield>
  </datafield>
  <datafield tag="090" ind1=" " ind2=" ">
    <subfield code="a">KP 100</subfield>
    <subfield code="b">&#xE2A;284&#xE01; 2559</subfield>
  </datafield>
  <datafield tag="100" ind1="0" ind2=" ">
    <subfield code="a">&#xE2A;&#xE21;&#xE28;&#xE31;&#xE01;&#xE14;&#xE34;&#xE4C; &#xE40;&#xE2D;&#xE35;&#xE48;&#xE22;&#xE21;&#xE1E;&#xE25;&#xE31;&#xE1A;&#xE43;&#xE2B;&#xE0D;&#xE48;</subfield>
    <subfield code="9">19138</subfield>
  </datafield>
  <datafield tag="245" ind1="1" ind2="0">
    <subfield code="a">&#xE01;&#xE32;&#xE23;&#xE0B;&#xE31;&#xE01;&#xE1B;&#xE23;&#xE30;&#xE40;&#xE14;&#xE47;&#xE19;&#xE02;&#xE49;&#xE2D;&#xE40;&#xE17;&#xE47;&#xE08;&#xE08;&#xE23;&#xE34;&#xE07;&#xE04;&#xE14;&#xE35;&#xE22;&#xE32;&#xE40;&#xE2A;&#xE1E;&#xE15;&#xE34;&#xE14; &#xE1E;&#xE23;&#xE30;&#xE23;&#xE32;&#xE0A;&#xE1A;&#xE31;&#xE0D;&#xE0D;&#xE31;&#xE15;&#xE34;&#xE27;&#xE34;&#xE18;&#xE35;&#xE1E;&#xE34;&#xE08;&#xE32;&#xE23;&#xE13;&#xE32;&#xE04;&#xE14;&#xE35;&#xE22;&#xE32;&#xE40;&#xE2A;&#xE1E;&#xE15;&#xE34;&#xE14; &#xE1E;.&#xE28;. 2550 /</subfield>
    <subfield code="c">&#xE2A;&#xE21;&#xE28;&#xE31;&#xE01;&#xE14;&#xE34;&#xE4C; &#xE40;&#xE2D;&#xE35;&#xE48;&#xE22;&#xE21;&#xE1E;&#xE25;&#xE31;&#xE1A;&#xE43;&#xE2B;&#xE0D;&#xE48;.</subfield>
  </datafield>
  <datafield tag="246" ind1="1" ind2="4">
    <subfield code="a">&#xE01;&#xE32;&#xE23;&#xE0B;&#xE31;&#xE01;&#xE1B;&#xE23;&#xE30;&#xE40;&#xE14;&#xE47;&#xE19;&#xE02;&#xE49;&#xE2D;&#xE40;&#xE17;&#xE47;&#xE08;&#xE08;&#xE23;&#xE34;&#xE07;&#xE04;&#xE14;&#xE35;&#xE22;&#xE32;&#xE40;&#xE2A;&#xE1E;&#xE15;&#xE34;&#xE14; &#xE40;&#xE25;&#xE48;&#xE21; 1</subfield>
  </datafield>
  <datafield tag="250" ind1=" " ind2=" ">
    <subfield code="a">&#xE1B;&#xE23;&#xE31;&#xE1A;&#xE1B;&#xE23;&#xE38;&#xE07;&#xE43;&#xE2B;&#xE21;&#xE48; &#xE1E;&#xE34;&#xE21;&#xE1E;&#xE4C;&#xE04;&#xE23;&#xE31;&#xE49;&#xE07;&#xE17;&#xE35;&#xE48; 5</subfield>
  </datafield>
  <datafield tag="260" ind1=" " ind2=" ">
    <subfield code="a">&#xE01;&#xE23;&#xE38;&#xE07;&#xE40;&#xE17;&#xE1E;&#xE2F; :</subfield>
    <subfield code="b">&#xE1A;&#xE31;&#xE13;&#xE11;&#xE34;&#xE15;&#xE2D;&#xE31;&#xE01;&#xE29;&#xE23;,</subfield>
    <subfield code="c">2559.</subfield>
  </datafield>
  <datafield tag="300" ind1=" " ind2=" ">
    <subfield code="a">589 &#xE2B;&#xE19;&#xE49;&#xE32; ;</subfield>
    <subfield code="c">26 &#xE0B;&#xE21;.</subfield>
  </datafield>
  <datafield tag="650" ind1=" " ind2="4">
    <subfield code="a">&#xE01;&#xE32;&#xE23;&#xE2A;&#xE37;&#xE1A;&#xE2A;&#xE27;&#xE19;&#xE2D;&#xE32;&#xE0A;&#xE0D;&#xE32;&#xE01;&#xE23;&#xE23;&#xE21;</subfield>
    <subfield code="z">&#xE44;&#xE17;&#xE22;</subfield>
    <subfield code="9">19140</subfield>
  </datafield>
  <datafield tag="650" ind1=" " ind2="4">
    <subfield code="a">&#xE01;&#xE0E;&#xE2B;&#xE21;&#xE32;&#xE22;&#xE22;&#xE32;&#xE40;&#xE2A;&#xE1E;&#xE15;&#xE34;&#xE14; </subfield>
    <subfield code="9">10257</subfield>
  </datafield>
  <datafield tag="653" ind1=" " ind2="4">
    <subfield code="a">&#xE04;&#xE14;&#xE35;&#xE22;&#xE32;&#xE40;&#xE2A;&#xE1E;&#xE15;&#xE34;&#xE14;</subfield>
  </datafield>
  <datafield tag="850" ind1=" " ind2=" ">
    <subfield code="a">NALT</subfield>
  </datafield>
  <datafield tag="942" ind1=" " ind2=" ">
    <subfield code="2">local</subfield>
    <subfield code="c">LB</subfield>
    <subfield code="0">1</subfield>
  </datafield>
  <datafield tag="998" ind1=" " ind2=" ">
    <subfield code="j">104</subfield>
    <subfield code="k"> &#xE19;&#xE32;&#xE07;&#xE2A;&#xE32;&#xE27;&#xE2A;&#xE32;&#xE22;&#xE1D;&#xE19;  &#xE14;&#xE35;&#xE07;&#xE32;&#xE21;</subfield>
  </datafield>
  <datafield tag="952" ind1=" " ind2=" ">
    <subfield code="0">0</subfield>
    <subfield code="1">0</subfield>
    <subfield code="2">local</subfield>
    <subfield code="4">0</subfield>
    <subfield code="7">0</subfield>
    <subfield code="8">CLAW</subfield>
    <subfield code="a">NALT</subfield>
    <subfield code="b">NALT</subfield>
    <subfield code="d">2017-05-09</subfield>
    <subfield code="l">1</subfield>
    <subfield code="o">KP 100 &#xE2A;284&#xE01; 2559 &#xE25;.1</subfield>
    <subfield code="p">3961206152</subfield>
    <subfield code="r">2020-07-24 00:00:00</subfield>
    <subfield code="s">2020-07-17</subfield>
    <subfield code="t">&#xE09;.1</subfield>
    <subfield code="w">2017-05-09</subfield>
    <subfield code="y">LB</subfield>
  </datafield>
  <datafield tag="952" ind1=" " ind2=" ">
    <subfield code="0">0</subfield>
    <subfield code="1">0</subfield>
    <subfield code="2">local</subfield>
    <subfield code="4">0</subfield>
    <subfield code="7">0</subfield>
    <subfield code="8">CLAW</subfield>
    <subfield code="a">NALT</subfield>
    <subfield code="b">NALT</subfield>
    <subfield code="c">LAW</subfield>
    <subfield code="d">2020-07-29</subfield>
    <subfield code="e">59</subfield>
    <subfield code="g">513.00</subfield>
    <subfield code="l">0</subfield>
    <subfield code="o">KP 100 &#xE2A;284&#xE01; 2559 &#xE25;.1</subfield>
    <subfield code="p">3961211232</subfield>
    <subfield code="r">2020-08-10 00:00:00</subfield>
    <subfield code="t">&#xE09;.2</subfield>
    <subfield code="v">570.00</subfield>
    <subfield code="w">2020-07-29</subfield>
    <subfield code="y">LB</subfield>
  </datafield>
  <datafield tag="952" ind1=" " ind2=" ">
    <subfield code="0">0</subfield>
    <subfield code="1">0</subfield>
    <subfield code="2">local</subfield>
    <subfield code="4">0</subfield>
    <subfield code="7">0</subfield>
    <subfield code="8">CSEN</subfield>
    <subfield code="a">NALT</subfield>
    <subfield code="b">NALT</subfield>
    <subfield code="c">LAW</subfield>
    <subfield code="d">2022-05-25</subfield>
    <subfield code="o">KP 100 &#xE2A;284&#xE01; 2559 &#xE25;.1</subfield>
    <subfield code="p">0100008384001</subfield>
    <subfield code="r">2023-02-23 00:00:00</subfield>
    <subfield code="w">2022-05-25</subfield>
    <subfield code="y">LB</subfield>
  </datafield>
</record>
